| 000 | 00682nam a2200229Ia 4500 | ||
|---|---|---|---|
| 001 | 16975 | ||
| 003 | GE_BSU | ||
| 008 | 181216s||||||||xx |||||||||||||| ||und|| | ||
| 040 | _cGE_BSU | ||
| 080 | _a821.353.1-32 | ||
| 100 | _aახვლედიანი, ვახტანგ | ||
| 245 | _aჩაფიქრება | ||
| 245 | _bმოთხრობები | ||
| 245 | _cრედ.ზ.ფირცხალაიშვილი | ||
| 260 | _aბათუმი | ||
| 260 | _bსაბჭ. აჭარა | ||
| 260 | _c1983 | ||
| 300 | _a118გვ. ; 18სმ. | ||
| 653 | _aმოთხრობები | ||
| 653 | _aჩაფიქრება | ||
| 942 | _cBK | ||
| 999 |
_c50037 _d50037 |
||